Fifa 22 Top 50 African Players - Statistics

General Stats
  • This quiz has been taken 205 times
  • The average score is 25 of 50
Answer Stats
Rating Club Nation Player % Correct
89 Liverpool Egypt Mohamed Salah
99%
89 Liverpool Senegal Sadio Mane
99%
86 Manchester City Algeria Riyad Mahrez
95%
85 PSG Morocco Achraf Hakimi
94%
85 Arsenal Gabon Pierre-Emerick Aubameyang
94%
86 Napoli Senegal Kalidou Koulibaly
90%
84 Chelsea Morocco Hakim Ziyech
89%
83 Liverpool Cameroon Joel Matip
83%
83 Arsenal Ghana Thomas Partey
83%
85 Leicester City Nigeria Wilfred Ndidi
83%
83 Chelsea Senegal Edouard Mendy
81%
84 AC Milan Ivory Coast Franck Kessie
77%
80 Liverpool Guinea Naby Keita
72%
82 Crystal Palace Ivory Coast Wilfried Zaha
72%
82 PSG Senegal Idrissa Gueye
71%
80 Napoli Nigeria Victor Osimhen
64%
81 Arsenal Ivory Coast Nicolas Pepe
61%
82 Sevilla FC Morocco Yassine Bounou
58%
79 Manchester United Ivory Coast Eric Bailly
57%
81 Bayer Leverkusen Burkina Faso Edmond Tapsoba
53%
82 Sevilla FC Morocco Youssef En-Nesyri
52%
80 AC Milan Algeria Ismael Bennacer
50%
78 Watford Senegal Ismaila Sarr
48%
79 Atletico Madrid Central African Republic Geoffrey Kondogbia
46%
80 Ajax Ivory Coast Sebastien Haller
43%
78 Leicester City Nigeria Kelechi Iheanacho
42%
80 Ajax Morocco Noussair Mazraoui
42%
78 Wolves Morocco Romain Saiss
38%
79 Brighton & Hove Albion Mali Yves Bissouma
38%
81 Getafe CF Togo Dakonam Djene
36%
80 Beijing Guoan DR Congo Cedric Bakambu
35%
79 Stade Rennes Mali Hamari Traore
34%
81 OGC Nice Algeria Andy Delort
32%
79 Borussia Monchengladbach Algeria Ramy Bensebaini
32%
79 Wolves Ivory Coast Willy Boly
32%
78 RB Leipzig Mali Amadou Haidara
30%
78 RC Lens Ivory Coast Seko Fofana
27%
80 Villarreal CF Algeria Aissa Mandi
26%
79 FC Porto DR Congo Chancel Mbemba
23%
78 Spartak Moscow Nigeria Victor Moses
22%
78 Hertha BSC Ghana Kevin-Prince Boateng
21%
78 LOSC Lille Mozambique Reinildo
20%
81 Fatih Karagumruk Morocco Medhi Benatia
19%
79 Besiktas Algeria Rachid Ghezzal
19%
79 KRC Genk Nigeria Paul Ebere Onuachu
17%
79 Olympiacos Morocco Youssef El-Arabi
17%
78 Sporting CP Cape Verde Jovane Cabral
16%
79 Sevilla FC Morocco Munir
16%
80 Sporting CP Morocco Zouhair Feddal
14%
78 BSC Young Boys Cameroon Jean-Pierre Nsame
11%
No matching quizzes found
Score Distribution
Percent of People with Each Score
Percentile by Number Answered
Your Score History
You have not taken this quiz